00541nam a2200157Ia 4500008004100000100001800041245008600059245005600145260003700201260000900238300000900247650001400256650002200270999001900292952007200311170224s9999 xx 000 0 und d aBryan G. Cook 2aA Preliminary Investigation of the Empirical Validity of Study Quality Appraisal  cBryan G. Cook, Danielle N. Dupuis, Asha K. Jitendra bJournal of Learning Disabilities c2017 a50:1 xEducation xSpecial Education c315647d315647 001040aCLbCLd2017-02-24l0r2017-02-24 00:00:00w2017-02-24ySE